Missing Word: Best Supporting Actress (A-Z) Quiz Stats

Quiz Updated May 3, 2015

Challenge
Share
Tweet
Embed
Score 0/23 Timer 03:00
0 Plays Today
Actress Answer % Correct
Angelina _____ (J)Jolie
96.7%
_____ Basinger (K)Kim
95.8%
Goldie _____ (H)Hawn
95.1%
Patricia _____ (A)Arquette
91.8%
_____ Bergman (I)Ingrid
91.2%
_____ Redgrave (V)Vanessa
87.9%
_____ Davis (G)Geena
79.2%
_____ Moreno (R)Rita
78.3%
Cloris _____ (L)Leachman
77.7%
_____ Swinton (T)Tilda
75.7%
Renée _____ (Z)Zellweger
73.6%
_____ Dukakis (O)Olympia
72.6%
Actress Answer % Correct
Eva Marie _____ (S)Saint
72.2%
Anna _____ (P)Paquin
71.8%
_____ Gay Harden (M)Marcia
70%
Jennifer _____ (C)Connelly
64.2%
_____ Wiest (D)Dianne
61.3%
Rachel _____ (W)Weisz
53.4%
Lupita _____ (N)Nyong'o
38.2%
_____ Fricker (B)Brenda
38.2%
_____ Parsons (E)Estelle
35.9%
Jo Van _____ (F)Fleet
28.1%
Miyoshi _____ (U)Umeki
12.3%

Today's Daily Dose

You're not logged in!

Compare scores with friends on all Sporcle quizzes.
Sign Up with Email
OR
Log In

You Might Also Like...

Show Comments

Extras

Top Quizzes Today


Score Distribution

Your Account Isn't Verified!

In order to create a playlist on Sporcle, you need to verify the email address you used during registration. Go to your Sporcle Settings to finish the process.